Development scenarios and policy guidelines for the lagging regions in the 1990s.
Prognózy vývoja zaostávajúcich regiónov ES v súvislosti s vytvorením jednotného európskeho trhu. Sumarizovanie procesu, ktorý spontánne brzdí rozvoj slabších regiónov v kontexte ekonomickej a monetárnej únie. Zdôvodnenia intervencie regionálnej politiky z teoretického hľadiska s priamymi odkazmi na...
Guardado en:
| Autor principal: | |
|---|---|
| Formato: | Capítulo de libro |
| Lenguaje: | inglés |
| Materias: | |
| Etiquetas: |
Sin Etiquetas, Sea el primero en etiquetar este registro!
|
MARC
| LEADER | 00000naa a2200000 4500 | ||
|---|---|---|---|
| 001 | r010839 | ||
| 005 | 20221213085213.0 | ||
| 041 | 0 | |a eng | |
| 044 | |a GB | ||
| 245 | 1 | 0 | |a Development scenarios and policy guidelines for the lagging regions in the 1990s. |c R.P. Camagni |
| 520 | |a Prognózy vývoja zaostávajúcich regiónov ES v súvislosti s vytvorením jednotného európskeho trhu. Sumarizovanie procesu, ktorý spontánne brzdí rozvoj slabších regiónov v kontexte ekonomickej a monetárnej únie. Zdôvodnenia intervencie regionálnej politiky z teoretického hľadiska s priamymi odkazmi na skutočné podmienky týchto regiónov. | ||
| 610 | 2 | 0 | |a rozvoj regionálny |
| 610 | 2 | 0 | |a regióny |
| 610 | 2 | 0 | |a politika regionálna |
| 610 | 2 | 0 | |a Európske spoločenstvá |
| 610 | 2 | 0 | |a trh vnútorný |
| 610 | 2 | 0 | |a integrácia ekonomická |
| 610 | 2 | 0 | |a únie menové |
| 100 | 1 | |a Camagni, R.P. | |